Catalogo degli amuleti di Bakchias (1994- 2007) /

محفوظ في:

المؤلف الرئيسي: Nifosì, Ada.

التنسيق: كتاب

اللغة: Italian

منشور في: Imola : La mandragora, 2009.

سلاسل: Archeologia e storia della civiltà egiziana del Vicino Oriente antico ; 17.

الموضوعات:

الوسوم: إضافة وسم

لا توجد وسوم, كن أول من يضع وسما على هذه التسجيلة!

رقم الطلب: DT57 .A6 v.17

LEADER 00943nam a2200241Ia 4500
003 OSt
005 20250519100714.0
008 220611s2009 it ab bc 000 0 ita d
020 |a 9788875862305 
040 |c ARCE Library 
050 4 |a DT57 .A6 v.17 
100 1 |a Nifosì, Ada. 
245 1 0 |a Catalogo degli amuleti di Bakchias (1994- 2007) /   |c Ada Nifosì ; prefazione di Sergio Pernigotti. 
264 1 |a Imola :   |b La mandragora,   |c 2009. 
300 |a 139 p. :   |b ill. (chiefly col.), map ;   |c 24 cm. 
490 0 |a Archeologia e storia della civiltà egiziana del Vicino Oriente antico ;   |v 17. 
504 |a Includes bibliographical references (p. 133-139). 
650 0 |a Amulets, Egyptian   |z Egypt   |z Bacchias (Extinct city)   |v Catalogs. 
650 0 |a Excavations (Archaeology)   |z Egypt   |z Bacchias (Extinct city)   |v Catalogs. 
651 0 |a Egypt   |z Bacchias (Extinct city)   |v Catalogs. 
901 |a reviewed 
942 |2 lcc  |c BK 
999 |c 47588  |d 47588